01218ccm a2200241 a 45000010009000000050017000090080041000260100017000670200015000840400013000990500021001121000023001332450100001562460017002562500031002732600074003043000059003785380238004375380235006756500018009107000021009287000027009491244925320170516151700.0010622s2001 xxustz  a 2001547369 a0534572685 aDLCcDLC00aMT35 b.H88 20011 aHorvit, Michael M.10aMusic for ear training :bCD-ROM and workbook /cMichael Horvit, Timothy Koozin, Robert Nelson.30aEar training aAnnotated instructor's ed. aUnited States :bSchirmer ;aBelmont, CA :bThomson Learning,cc2001. axxi, 409 p. of music ;c28 cm. +e1 CD-ROM (4 3/4 in.) aSystem requirements for accompanying CD-ROM: Windows 95: IBM PC-compatible; Intel 486SX, 33 MHz or faster; 16MB or more RAM; CD-ROM drive; 16-bit PCM sound card when using Soft Synthesizer or GM/XG-compatible external tone generator. aSystem requirements for accompanying CD-ROM: Macintosh: Mac OS-compatible; PowerPC, 16MB or more RAM; Apple sound manager 3.0 compatible when using Soft Synthesizer or GM/XG-compatible external tone generator; Mac-OS 7.5 or later. 0aEar training.1 aKoozin, Timothy.1 aNelson, Robert,d1941-